NFL Spieler erraten 8 - Statistiken

Allgemein
  • Dieses Quiz wurde 33 mal gespielt
  • Das Durchschnittsergebnis liegt bei 9 aus 16
Antwortstatistiken
Bildquiz Antwort % Korrekt
Bobby Wagner
83%
Philip Rivers
83%
Ben Roethlisberger
79%
Chris Jones
72%
Brett Favre
69%
Sauce Gardner
66%
Kadarius Toney
62%
Darius Slay
59%
Minkah Fitzpatrick
55%
Patrick Surtain
55%
Ray Lewis
55%
Zach Martin
48%
DeVante Parker
45%
Robbie Gould
34%
David Bakhtiari
31%
Tony Gonzalez
31%
Keine übereinstimmenden Quizze gefunden
Verteilung der Resultate
Anzahl Personen mit jedem Resultat
Perzentil nach korrekt beantworteten Fragen
Ihre Resultats-Entwicklung
Sie haben dieses Quiz noch nicht gespielt